| 000 | 01250cam a2200313 i 4500 | ||
|---|---|---|---|
| 001 | zz2005900347 | ||
| 003 | NUKAT | ||
| 005 | 20260428232321.0 | ||
| 008 | 050106s1938 pl |000 0 pol c | ||
| 035 | _a(OCoLC)749879212 | ||
| 035 | _a(NUKAT)zz2005900347 | ||
| 040 |
_aGD U/AJ _bpol _erda _cGD U/AJ _dGD U/AJ _dGD U/KMs _dWR O/PC _dOLSZT 008/AL |
||
| 100 | 1 |
_aSobieski, Wacław _d(1872-1935). _eAutor _91298 |
|
| 245 | 1 | 0 |
_aDzieje Polski. _nT. 1, _pDo roku 1696 / _cWacław Sobieski ; przejrzał i uzupełnił Kazimierz Tymieniecki. |
| 250 | _aWydanie drugie - pośmiertne. | ||
| 260 |
_aWarszawa : _bWydawnictwo Zorza : _bnakład i własność Jana Załuski, _c1938 _e(Łomża : _fDrukarnia Diecezjalna). |
||
| 300 |
_a262, IV, [3] strony : _berrata ; _c24 cm. |
||
| 336 |
_aTekst _btxt _2rdacontent |
||
| 337 |
_aBez urządzenia pośredniczącego _bn _2rdamedia |
||
| 338 |
_aWolumin _bnc _2rdacarrier |
||
| 380 | _aKsiążki | ||
| 651 | 7 |
_aPolska _2DBN _935076 |
|
| 651 | 7 |
_aPolska _ydo 1795. _2kaba _915257 |
|
| 658 | _aHistoria | ||
| 700 | 1 |
_aTymieniecki, Kazimierz _d(1887-1968). _eOpracowanie _91700 |
|
| 700 | 1 |
_aZałuska, Jan _d(1873-1941). _eNakładca _918628 |
|
| 710 | 2 |
_aDrukarnia "Zorza" (Warszawa). _eWydawca _4pbl _940841 |
|
| 942 |
_2ddc _cBK_NM |
||
| 999 |
_c27857 _d27857 |
||